Cathedrals of the Moscow Kremlin : a guide /

Bibliographic Details
Main Author: Kostina, I. D. (Inna Dmitrievna)
Format: Book
Language:English
Published: Moscow : Planeta Publishers, 1993.
Subjects:

MARC

Tag First Indicator Second Indicator Subfields
LEADER 00000cam a2200000Ia 4500
001 in00002042425
005 20151101060714.0
008 960912s1993 ru a 001 0 engod
020 |a 5852504718 
035 |a (OCoLC)ocm35523133 
040 |a WAU  |c WAU  |d OCL  |d OCLCQ  |d TXA  |d UtOrBLW 
041 1 |a eng  |h rus 
043 |a e-ru--- 
049 |a TXAM 
090 |a DK602.3  |b .K6713 1993 
100 1 |a Kostina, I. D.  |q (Inna Dmitrievna) 
240 1 0 |a Sobory Moskovskogo Kremli︠a︡.  |l English 
245 1 0 |a Cathedrals of the Moscow Kremlin :  |b a guide /  |c [text and compilation by Inna Kostina ; translation by Arthur Shkarovsky-Raffé]. 
264 1 |a Moscow :  |b Planeta Publishers,  |c 1993. 
300 |a 207 pages :  |b color illustrations ;  |c 17 cm. 
336 |a text  |b txt  |2 rdacontent 
337 |a unmediated  |b n  |2 rdamedia 
338 |a volume  |b nc  |2 rdacarrier 
500 |a Includes indexes. 
651 0 |a Kremlin (Moscow, Russia)  |v Guidebooks. 
650 0 |a Church buildings  |z Russia (Federation)  |z Moscow. 
948 |a cataloged  |b h  |c 2005/4/18  |d c  |e spoltoratski  |f 1:59:18 pm 
994 |a E0  |b TXA 
999 |a MARS 
999 f f |s a1c4610e-b3f9-3987-b304-3cd34b3addb1  |i e18d39ca-0ae0-3bf4-ae25-1e20255dd424  |t 0 
952 f f |p ric  |a Texas A&M University  |b Rellis Campus  |c Joint Library Facility  |d Remote Storage  |t 0  |e DK602.3 .K6713 1993  |h Library of Congress classification  |i unmediated -- volume  |m A14832590305 
998 f f |a DK602.3 .K6713 1993  |t 0  |l Remote Storage